[Event "GER-ch U10"]
[White "Sinnhoefer, Lilian"]
[Black "Taras, Simon"]
[Site "Magdeburg"]
[Round "4"]
[Result "0-1"]
[Date "2014.06.09"]
[WhiteElo "1128"]
[BlackElo "1319"]
[PlyCount "88"]
[EventDate "2014.06.08"]
[EventType "swiss"]
[EventRounds "11"]
[EventCountry "GER"]
[SourceTitle "CBM 160 Extra"]
[Source "ChessBase"]
[SourceDate "2014.07.01"]
[SourceVersion "1"]
[SourceVersionDate "2014.07.01"]
[SourceQuality "1"]

1. e4 e6 2. Nc3 d5 3. exd5 exd5 4. d4 Bb4 5. Bd2 Nc6 6. Nf3 Bg4 7. h3 Bh5 8. Bb5 Nge7 9. a3 Bd6 10. Qe2 a6 11. Bxc6+ bxc6 12. Qe3 f6 13. Nh4 Qd7 14. Ne2 g5 15. Nf3 Rb8 16. Ng3 Bg6 17. Bc3 h5 18. Rc1 Bf4 19. Qe2 Bxc1 20. 0-0 Bxb2 21. Bxb2 h4 22. Nh1 Rxb2 23. Re1 Rxc2 24. Qxa6 0-0 25. Qa4 Rc4 26. Qd1 Bh5 27. Qd3 Qf5 28. Qe3 Re8 29. Qb3 Bxf3 30. gxf3 Rxd4 31. Kg2 Rd3 32. Qc2 Qxf3+ 33. Kg1 Qf5 34. Rf1 Rg3+ 35. fxg3 Qxc2 36. Rxf6 d4 37. Rf2 d3 38. Rxc2 dxc2 39. gxh4 c1Q+ 40. Kg2 Qc3 41. hxg5 Ng6 42. Ng3 Nh4+ 43. Kh2 Qd2+ 44. Kg1 Qg2# 0-1